Crossing Gender Boundaries (Record no. 92651)

MARC details
000 -LEADER
fixed length control field 01942nam a2200253Ii 4500
008 - FIXED-LENGTH DATA ELEMENTS--GENERAL INFORMATION
fixed length control field 221202s xx 000 0 und d
245 #0 - TITLE STATEMENT
Title Crossing Gender Boundaries
246 ## - VARYING FORM OF TITLE
Title proper/short title Fashion to Create, Disrupt and Transcend
264 ## - PRODUCTION, PUBLICATION, DISTRIBUTION, MANUFACTURE, AND COPYRIGHT NOTICE
Name of producer, publisher, distributor, manufacturer Intellect
Date of production, publication, distribution, manufacture, or copyright notice 2020
300 ## - PHYSICAL DESCRIPTION
Extent 1 online resource
336 ## - CONTENT TYPE
Content type term text
Content type code txt
Source rdacontent
337 ## - MEDIA TYPE
Media type term computer
Media type code c
Source rdamedia
338 ## - CARRIER TYPE
Carrier type term online resource
Carrier type code cr
Source rdacarrier
520 ## - SUMMARY, ETC.
Summary, etc. This volume presents a collection of the most recent knowledge on the relationship between gender and fashion in historical and contemporary contexts. Through fourteen essays divided into three segments : how dress creates, disrupts and transcends gender : the chapters investigate gender issues through the lens of fashion. Crossing Gender Boundaries first examines how clothing has been, and continues to be, used to create and maintain the binary gender division that has come to permeate Western and westernized cultures. Next, it explores how dress can be used to contest and subvert binary gender expectations, before a final section that considers the meaning of gender and how dress can transcend it, focusing on unisex and genderless clothing. The essays consider how fashion can both constrict and free gender expression, explore the ways dress and gender are products of one other and illuminate the construction of gender through social norms. Readers will find that through analysis of the relationship between gender and fashion, they gain a better understanding of the world around them.
653 ## - INDEX TERM--UNCONTROLLED
Uncontrolled term Business & Economics
653 ## - INDEX TERM--UNCONTROLLED
Uncontrolled term Fashion & Textile Industry
653 ## - INDEX TERM--UNCONTROLLED
Uncontrolled term Gender Studies
653 ## - INDEX TERM--UNCONTROLLED
Uncontrolled term Industries
653 ## - INDEX TERM--UNCONTROLLED
Uncontrolled term Social Science
700 1# - ADDED ENTRY--PERSONAL NAME
Personal name Barry, Ben
700 1# - ADDED ENTRY--PERSONAL NAME
Personal name Reilly, Andrew
856 ## - ELECTRONIC LOCATION AND ACCESS
Uniform Resource Identifier <a href="https://docs.google.com/spreadsheets/d/1yKIrdCPDAG_9c22mwoOIO2DOhtj65Wqa/edit?usp=sharing&ouid=106555315294820607512&rtpof=true&sd=true ">https://docs.google.com/spreadsheets/d/1yKIrdCPDAG_9c22mwoOIO2DOhtj65Wqa/edit?usp=sharing&ouid=106555315294820607512&rtpof=true&sd=true </a>
Link text List of Curated E-Books
942 ## - ADDED ENTRY ELEMENTS (KOHA)
Koha item type E-Book

No items available.

University of Rizal System
Email us at univlibservices@urs.edu.ph

Visit our Website www.urs.edu.ph/library